[Event "Bad Harzburg op 13th"]
[Site "Bad Harzburg"]
[Date "2012.11.01"]
[Round "5"]
[White "Geers, Bernhard"]
[Black "Schomann, Michael"]
[Result "1-0"]
[WhiteElo "1953"]
[BlackElo "1733"]
[PlyCount "65"]
[EventDate "2012.10.30"]
[EventType "swiss"]
[EventRounds "8"]
[EventCountry "GER"]
[SourceTitle "EXT 2014"]
[Source "ChessBase"]
[SourceDate "2013.11.20"]
[SourceVersion "1"]
[SourceVersionDate "2013.11.20"]
[SourceQuality "1"]

1. d4 d5 2. c4 e6 3. Nf3 Nf6 4. g3 Be7 5. Bg2 c6 6. 0-0 0-0 7. Nbd2 Nbd7 8. Qc2 Qc7 9. Rd1 dxc4 10. Nxc4 Nb6 11. Bf4 Qd8 12. Nce5 h6 13. e4 Bd7 14. a4 a5 15. Be3 Rc8 16. Bd2 Na8 17. Nxd7 Nxd7 18. Qb3 b6 19. Rac1 c5 20. Bc3 cxd4 21. Nxd4 Nc5 22. Qc2 Qe8 23. Bf1 Nc7 24. Nb5 f6 25. b3 Nxb5 26. Bxb5 Qg6 27. Re1 e5 28. Bc4+ Kh8 29. Qe2 Rfd8 30. Bd5 Rc7 31. Qb5 Rd6 32. Bxa5 bxa5 33. Qb8+ 1-0

[Event "Bad Harzburg op 13th"]
[Site "Bad Harzburg"]
[Date "2012.10.30"]
[Round "1"]
[White "Jugelt, Tobias"]
[Black "Schomann, Michael"]
[Result "1-0"]
[WhiteElo "2378"]
[BlackElo "1733"]
[PlyCount "61"]
[EventDate "2012.10.30"]
[EventType "swiss"]
[EventRounds "8"]
[EventCountry "GER"]
[SourceTitle "EXT 2014"]
[Source "ChessBase"]
[SourceDate "2013.11.20"]
[SourceVersion "1"]
[SourceVersionDate "2013.11.20"]
[SourceQuality "1"]

1. d4 d5 2. c4 e6 3. Nf3 Nf6 4. Nc3 Be7 5. Bf4 c6 6. e3 0-0 7. h3 Nbd7 8. Bd3 h6 9. 0-0 Re8 10. Qc2 b6 11. cxd5 exd5 12. Nb5 Rf8 13. Qxc6 Ba6 14. Rfc1 Bxb5 15. Bxb5 a6 16. Bd3 b5 17. a4 bxa4 18. Bxa6 Qb6 19. Bb5 Rfc8 20. Qxc8+ Rxc8 21. Rxc8+ Nf8 22. Rb8 Qe6 23. Bxa4 N6d7 24. Bxd7 Qxd7 25. b4 g5 26. Bg3 Kh7 27. b5 Ng6 28. b6 f5 29. Ne5 Nxe5 30. Bxe5 Kg6 31. Rb1 1-0

[Event "Dortmund Sparkassen op-B"]
[Site "Dortmund"]
[Date "2012.07.20"]
[Round "7"]
[White "Schomann, Michael"]
[Black "Witt, Rainer"]
[Result "1-0"]
[WhiteElo "1559"]
[BlackElo "1713"]
[PlyCount "87"]
[EventDate "2012.07.14"]
[EventType "swiss"]
[EventRounds "9"]
[EventCountry "GER"]
[SourceTitle "EXT 2014"]
[Source "ChessBase"]
[SourceDate "2013.11.20"]
[SourceVersion "1"]
[SourceVersionDate "2013.11.20"]
[SourceQuality "1"]

1. d4 Nf6 2. c4 g6 3. Nc3 Bg7 4. e4 d6 5. Nf3 0-0 6. Be2 Nbd7 7. 0-0 e5 8. Bg5 c6 9. dxe5 dxe5 10. Qc2 Qc7 11. h3 Re8 12. Be3 Nf8 13. Rad1 Ne6 14. Rd2 Bd7 15. Rfd1 Rad8 16. b4 Bf8 17. a3 Nf4 18. Bxf4 exf4 19. e5 Bf5 20. Bd3 Rxd3 21. Rxd3 Nd7 22. Rxd7 Bxd7 23. Qd2 Bf5 24. Qxf4 f6 25. Qd4 fxe5 26. Qxa7 Bg7 27. Qe3 Qf7 28. Qe2 e4 29. Nd4 Qf6 30. Qe3 Rd8 31. Nce2 h5 32. c5 Kh7 33. Qb3 Qg5 34. Nxf5 Rxd1+ 35. Qxd1 gxf5 36. Qd7 Qf6 37. Nf4 Kh6 38. g3 Qe5 39. Qf7 Kh7 40. Nxh5 e3 41. Nxg7 e2 42. Nxf5+ Kh8 43. Qh5+ Kg8 44. Nh6+ 1-0

[Event "Dortmund Sparkassen op-B"]
[Site "Dortmund"]
[Date "2012.07.19"]
[Round "6"]
[White "Bauer, Dieter"]
[Black "Schomann, Michael"]
[Result "1/2-1/2"]
[WhiteElo "1731"]
[BlackElo "1559"]
[PlyCount "126"]
[EventDate "2012.07.14"]
[EventType "swiss"]
[EventRounds "9"]
[EventCountry "GER"]
[SourceTitle "EXT 2014"]
[Source "ChessBase"]
[SourceDate "2013.11.20"]
[SourceVersion "1"]
[SourceVersionDate "2013.11.20"]
[SourceQuality "1"]

1. d4 d5 2. Bg5 Nc6 3. e3 f6 4. Bh4 e5 5. c3 exd4 6. exd4 Bf5 7. Bd3 Bxd3 8. Qxd3 Bd6 9. Ne2 Nge7 10. Nd2 0-0 11. 0-0 Ng6 12. Bg3 Nce7 13. Rfe1 Qd7 14. Rad1 c6 15. Nf1 Nf5 16. Bxd6 Nxd6 17. f3 Rae8 18. Qd2 Nc4 19. Qc1 Re7 20. b3 Nd6 21. Neg3 Rfe8 22. Kf2 Nf5 23. Rxe7 Rxe7 24. Re1 Nxg3 25. hxg3 Kf7 26. Rxe7+ Qxe7 27. Ne3 Qd7 28. Qc2 b5 29. Qf5 Qxf5 30. Nxf5 Ne7 31. Ne3 h5 32. Nc2 Ke6 33. Nb4 Kd7 34. Nd3 g6 35. Nf4 f5 36. Kg1 Ke8 37. Nd3 Kd7 38. Kf2 Ke6 39. Ke3 Kf6 40. Ne5 g5 41. Nd3 Ke6 42. Nf2 Kf6 43. Nh3 Kg6 44. Ng1 Kf6 45. Ne2 Kg6 46. Nc1 Kf6 47. Nd3 Ke6 48. Kd2 Kf6 49. Kc2 Ke6 50. Kb2 Ng6 51. a4 bxa4 52. bxa4 h4 53. gxh4 Nxh4 54. Ne1 f4 55. Kb3 a5 56. Kc2 Kd6 57. Kd3 c5 58. Ke2 c4 59. Kf2 Nf5 60. Nc2 Kc6 61. Ke1 Kb6 62. Kd1 Kc6 63. Ke1 Nh4 1/2-1/2